LEADER 00957nam0-22003491i-450- 001 990001488700403321 005 20090716160106.0 010 $a0-07-113800-5 035 $a000148870 035 $aFED01000148870 035 $a(Aleph)000148870FED01 035 $a000148870 100 $a20020114d1994----km-y0itay50------ba 101 0 $aeng 102 $aUS 105 $aa---a---001yy 200 1 $aParallel computing$etheory and practice$fMichael J. Quinn 205 $a2nd ed. 210 $aNew York$cMcGraw-Hill$dc1994 215 $axvii, 446 p.$cill.$d24 cm 225 1 $aMcGraw-Hill Series in Computer Science 305 $aInternational edition 610 0 $aProcessi paralleli 676 $a004.35 700 1$aQuinn,$bMichael J.$066209 801 0$aIT$bUNINA$gRICA$2UNIMARC 901 $aBK 912 $a990001488700403321 952 $a004.35-QUI-1$b1225$fSC1 959 $aSC1 996 $aParallel computing$9377945 997 $aUNINA LEADER 01791nam0-22005891--450 001 990006585440403321 005 20230109122606.0 010 $a88-15-00523-4 035 $a000658544 035 $aFED01000658544 035 $a(Aleph)000658544FED01 100 $a20010426d1973----km-y0itay50------ba 101 1 $aita$ceng 102 $aIT 105 $ay-------001yy 200 1 $a<>stato democratico e lo stato autoritario$fFranz Neumann$gintroduzione all'edizione italiana di Nicola Matteucci$gtraduzione di Giordano Sivini 210 $aBologna$cil Mulino$d1973 215 $aXX, 374 p.$d21 cm 225 1 $aCollezione di testi e di studi$iScienze sociali e politiche 454 0$12001$a<>democratic and the authoritarian state$92964970 610 0 $aStato democratico 610 0 $aStato autoritario 610 0 $aDemocrazia 610 0 $aAutoritarismo 676 $a320$v19$zita 700 1$aNeumann,$bFranz$f<1889-1954>$0337241 702 1$aMatteucci,$bNicola$f<1926-2006> 702 1$aSivini,$bGiordano$f<1936- > 801 0$aIT$bUNINA$gRICA$2UNIMARC 901 $aBK 912 $a990006585440403321 952 $aXII A 666$b3123$fFSPBC 952 $aVI L 767$b1644$fDDA 952 $aXV N 37$b2231$fDTE 952 $a19300 NEU$b5134/I$fSES 952 $a321 NEU 1$b4920$fBFS 952 $aXI Q 123 (2)$b17527*$fFGBC 952 $aXV N 307 (3)$b18809*$fFGBC 952 $aXI G N 12 (1)$b20$fDFD 952 $aTT 521$b354 IDP$fDDCIC 952 $aFL PUB 61$bFL-819$fDECBC 959 $aFSPBC 959 $aDDA 959 $aDTE 959 $aSES 959 $aBFS 959 $aFGBC 959 $aDFD 959 $aDDCIC 959 $aDECBC 996 $aDemocratic and the Authoritarian State$92964970 997 $aUNINA LEADER 03955nam 2201009z- 450 001 9910619466003321 005 20221025 010 $a3-0365-4928-5 035 $a(CKB)5670000000391614 035 $a(oapen)https://directory.doabooks.org/handle/20.500.12854/93209 035 $a(oapen)doab93209 035 $a(EXLCZ)995670000000391614 100 $a20202210d2022 |y 0 101 0 $aeng 135 $aurmn|---annan 181 $ctxt$2rdacontent 182 $cc$2rdamedia 183 $acr$2rdacarrier 200 00$aMaterials, Design and Process Development for Additive Manufacturing 210 $cMDPI - Multidisciplinary Digital Publishing Institute$d2022 215 $a1 online resource (172 p.) 311 08$a3-0365-4927-7 330 $aAdditive manufacturing is already actively used in various high-tech industries today. At the same time, there is a certain limitation and imperfection of known and widely used conventional materials when they are used in additive manufacturing. In this regard, extensive research and development are aimed at the advancements of new materials by adjusting the chemical compositions of conventional alloys, new equipment with expanded functionality and the ability to work with a wide range of materials that were previously not available for additive manufacturing. This Special Issue covers a wide scope of additive manufacturing processes, comprising investigation, characterization of materials and their properties, development and application of new materials, structures designed for additive manufacturing, as well as processes and techniques that will expand the potential applications of layer-by-layer synthesis. 606 $aIndustrial chemistry and chemical engineering$2bicssc 606 $aTechnology: general issues$2bicssc 610 $aadditive manufacturing 610 $aadditive manufacturing (AM) 610 $aalloys 610 $aannealing 610 $abarium titanate 610 $abinder jetting 610 $acobalt 610 $acorrosion resistant steel 610 $aDC thermal plasma 610 $adirect energy deposition 610 $adirect laser deposition 610 $adirect laser deposition (DLD) 610 $adirect metal deposition 610 $aelevated temperatures 610 $aFeSiB 610 $agraded materials 610 $agranulation 610 $aheat transfer 610 $aheat treatment (HT) 610 $ahydrodynamics 610 $alead-free piezoceramic 610 $amagnetic properties 610 $amaraging steel 610 $amass transfer 610 $amechanical alloying 610 $amechanical characteristics 610 $amechanical properties 610 $amicrostructure 610 $amultimaterial 3D printing 610 $an/a 610 $ananopowder 610 $anitinol 610 $aphase composition 610 $apiezoelectric properties 610 $aporosity 610 $apowder bed fusion 610 $apure tungsten 610 $apyrolysis 610 $aselective electron beam melting (SEBM) 610 $aselective laser melting 610 $asilicon carbide 610 $asimulation of the melt pool 610 $asintering 610 $asoft-magnetic alloy 610 $aspheroidization 610 $aspray drying 610 $astress relaxation 610 $asynthesis 610 $atensile properties 610 $athermal history 610 $aTi-6Al-4V 610 $atitanium alloy 610 $atitanium alloys 610 $atungsten carbides 615 7$aIndustrial chemistry and chemical engineering 615 7$aTechnology: general issues 700 $aSufiiarov$b Vadim$4edt$01323092 702 $aSufiiarov$b Vadim$4oth 906 $aBOOK 912 $a9910619466003321 996 $aMaterials, Design and Process Development for Additive Manufacturing$93035373 997 $aUNINA